Gaming Quiz

Random Gaming or Video Games Quiz

EA Sports Covers Quiz Stats

 Plays Quiz Updated Dec 29, 2018

Challenge
Share
Tweet
Embed
Score 0/85 Timer 10:00
1 Play Today
Game Athlete(s) % Correct
NASCARJeff Gordon & Jimmie Johnson
60.6%
NCAA FootballMichael Crabtree, Brian Johnson, Brian Orakpo, Mark Sanchez
55.2%
NBA LiveShaquille O'Neal
50.9%
Fight NightMike Tyson & Muhammad Ali
47.2%
NASCARJeff Gordon
47.2%
NASCARJeff Gordon
47.2%
NASCARJeff Gordon
47.2%
NBA LiveDwyane Wade
45.1%
NBA LiveDwight Howard
44.2%
NCAA FootballDesmond Howard
41.3%
NCAA FootballReggie Bush
41.2%
NBA LiveCarmelo Anthony
39.5%
NCAA BasketballCarmelo Anthony
39.5%
NHL HockeyAlexander Ovechkin
39%
NBA LiveKevin Garnett
37.8%
NBA LiveTim Duncan
37.3%
NCAA BasketballTim Duncan
37.3%
NASCARDale Earnhardt
35.9%
NASCARDale Earnhardt
35.9%
NCAA FootballRobert Griffin III
33.4%
NBA LiveTracy McGrady
30.9%
NBA LiveVince Carter
30.8%
NASCARTony Stewart
30.7%
NASCARTony Stewart
30.7%
NASCARTony Stewart
30.7%
NCAA BasketballKevin Durant
30.1%
NCAA FootballDarren McFadden, Matt Ryan, DeSean Jackson, Owen Schmitt, Sparty
26.8%
NBA LiveJason Kidd
26.7%
NCAA FootballDenard Robinson
26.7%
Game Athlete(s) % Correct
Fight NightRoy Jones Jr.
26.7%
NCAA FootballRicky Williams
25.3%
NBA LiveTony Parker
24.6%
NHL HockeyPatrick Kane
24.1%
NBA LiveKyrie Irving
24.1%
NHL HockeyMartin Brodeur
23%
NCAA FootballCarson Palmer
22.6%
NCAA FootballTim Tebow
22.2%
NHL HockeyMario Lemieux
21.3%
NCAA BasketballBlake Griffin
21.1%
NBA LiveGilbert Arenas
19.3%
NHL HockeyDany Heatley & Joe Sakic
19.3%
NASCARDale Earnhardt Jr.
18.4%
NCAA FootballLarry Fitzgerald
17.9%
NHL HockeyPatrice Bergeron
17.5%
NHL HockeyJarome Iginla
16.5%
NHL HockeyClaude Giroux
16.5%
NHL HockeyScott Stevens & Steve Yzerman
15.9%
NCAA FootballJoey Harrington
14.2%
NCAA BasketballKevin Love
14%
Fight NightArturo Gatti, Micky Ward & Oscar De La Hoya
13.2%
NCAA BasketballKenyon Martin
13.2%
NBA LiveSteve Francis
13.1%
NCAA BasketballSteve Francis
13.1%
NHL HockeyEric Lindros
13%
NBA LiveTim Hardaway
12.5%
NHL HockeyPeter Forsberg
12.4%
NHL HockeyEric Staal
12.2%
NCAA BasketballAdam Morrison
12.2%
Game Athlete(s) % Correct
NHL HockeyDion Phaneuf
11.2%
NCAA BasketballEmeka Okafor
9.8%
NHL HockeyVincent Lecavalier
9%
NCAA FootballCharles Woodson
9%
NBA LiveAntoine Walker
8.8%
NHL HockeyChris Pronger
8.8%
NCAA BasketballShane Battier
7.6%
NCAA FootballJared Zabransky
7.5%
NCAA FootballChris Weinke
6.9%
Fight NightBernard Hopkins
6.7%
NASCARKevin Harvick
6.5%
NCAA BasketballRaymond Felton
6.3%
NHL HockeyMarkus Naslund
5.8%
NCAA FootballShaun Alexander
5.7%
NCAA FootballTommie Frazier
5.6%
NHL HockeyOwen Nolan
5.4%
NBA LiveMitch Richmond
4.7%
NCAA BasketballAntawn Jamison
4.3%
NCAA FootballMark Ingram
3.9%
NHL HockeyJonathan Toews
3.8%
NASCARElliott Sadler
3.7%
NHL HockeySteven Stamkos
3.6%
NHL HockeyJohn Vanbiesbrouck
3.1%
NCAA BasketballDrew Gooden
3%
NHL HockeyAlexei Kovalev & Kirk McLean
2.8%
NCAA FootballDanny Wuerffel
2.4%
NHL HockeyTomas Sandstrom & Andy Moog
1.6%

You're not logged in!

Compare scores with friends on all Sporcle quizzes.
OR
Log In

You Might Also Like...

Show Comments

Extras

Top Quizzes Today


Score Distribution

Your Account Isn't Verified!

In order to create a playlist on Sporcle, you need to verify the email address you used during registration. Go to your Sporcle Settings to finish the process.

Report this User

Report this user for behavior that violates our Community Guidelines.

Details: